<?xml version="1.0" encoding="UTF-8"?>
<collection xmlns="http://www.loc.gov/MARC21/slim">
 <record>
  <leader>01914nam a2200193Ia 4500</leader>
  <controlfield tag="001">CTU_166357</controlfield>
  <controlfield tag="008">210402s9999    xx            000 0 und d</controlfield>
  <datafield tag="082" ind1=" " ind2=" ">
   <subfield code="a">363.61</subfield>
  </datafield>
  <datafield tag="082" ind1=" " ind2=" ">
   <subfield code="b">G876</subfield>
  </datafield>
  <datafield tag="100" ind1=" " ind2=" ">
   <subfield code="a">Groom, Eric</subfield>
  </datafield>
  <datafield tag="245" ind1=" " ind2="0">
   <subfield code="a">Explanatory notes on key topics in the regulation of water and sanitation services</subfield>
  </datafield>
  <datafield tag="245" ind1=" " ind2="0">
   <subfield code="c">Eric Groom, Jonathan Halpern, David Ehrhardt</subfield>
  </datafield>
  <datafield tag="260" ind1=" " ind2=" ">
   <subfield code="a">Washington</subfield>
  </datafield>
  <datafield tag="260" ind1=" " ind2=" ">
   <subfield code="b">World Bank</subfield>
  </datafield>
  <datafield tag="260" ind1=" " ind2=" ">
   <subfield code="c">2006</subfield>
  </datafield>
  <datafield tag="520" ind1=" " ind2=" ">
   <subfield code="a">In the past few decades, water sector reforms worldwide have focused attention on economic regulation. These notes, financed by the Government of the Netherlands through the Bank-Netherlands Partnership Program (BNPP), provide a framework of steps for regulation of water supply services based on the premise that economic regulation monitors, enforces, and adjusts tariffs and service standards for water providers. While there is an overlap, the definition of economic regulation should be kept distinct from ownership, policy making and governance functions. Although the traditional form of regulation has been to prohibit monopolies from overcharging customers, the challenge in developing countries is to increase average prices that are too low. Charging below cost is meant to help consumers, but it is generally counterproductive because it forces the provider to rely on government subsidies or to cut back on service, maintenance, and investment. Regulation should be limited to making providers offer services at reasonable tariffs that cover the cost of providing the service, but no more. The paper also explores the regulation of privately-operated utility services and provides guidance on wastewater service regulation, which requires improving small-scale systems and central environmental regulation.</subfield>
  </datafield>
  <datafield tag="650" ind1=" " ind2=" ">
   <subfield code="a">Water supply,Cung cấp nước</subfield>
  </datafield>
  <datafield tag="904" ind1=" " ind2=" ">
   <subfield code="i">Trọng Hiếu</subfield>
  </datafield>
  <datafield tag="980" ind1=" " ind2=" ">
   <subfield code="a">Trung tâm Học liệu Trường Đại học Cần Thơ</subfield>
  </datafield>
 </record>
</collection>
